000 00698nam a2200181Ia 4500
003 GCL
008 140319s9999 xx 000 0 ara d
040 _aGCL /
_cGCL
082 0 4 _a647.94
_bل ف
100 1 _aليلى محمد صابر الزلاقى
245 1 0 _aفن ادارة الحفلات والمؤتمرات /
_cليلى محمد صابر الزلاقى
260 _aالقاهرة :
_bشركة الجمهورية الحديثة لتحويل وطباعة الورق ،
_c2003
300 _a170ص ؛
_c25 سم
650 0 4 _aالمؤتمرات - تنظيم وادارة
650 0 4 _aالحفلات - تنظيم وادارة
650 0 4 _aالحفلات - خدمات
942 _2ddc
_cBK
999 _c6291
_d6291